ARRUPE JESUIT UNIVERSITY

CORONAVIRUS -STOP THE SPREAD - CLEAN,DISINFECT,COVER

Africa: Geographical studies (Record no. 124617)

MARC details
000 -LEADER
fixed length control field 00439nam a22001457a 4500
008 - FIXED-LENGTH DATA ELEMENTS--GENERAL INFORMATION
fixed length control field 160414b xxu||||| |||| 00| 0 eng d
050 ## - LIBRARY OF CONGRESS CALL NUMBER
Classification number G128.W587
100 ## - MAIN ENTRY--PERSONAL NAME
Personal name White, Richard
9 (RLIN) 23798
245 ## - TITLE STATEMENT
Title Africa: Geographical studies
Statement of responsibility, etc / Richard White
250 ## - EDITION STATEMENT
Edition statement 2nd edition
260 ## - PUBLICATION, DISTRIBUTION, ETC. (IMPRINT)
Place of publication, distribution, etc Zimbabwe
Name of publisher, distributor, etc Zimbabwe Educational Books
Date of publication, distribution, etc 1985
300 ## - PHYSICAL DESCRIPTION
Extent 216p. ;
Dimensions 25cm.
650 ## - SUBJECT ADDED ENTRY--TOPICAL TERM
Topical term or geographic name as entry element Geography
General subdivision Textbooks
Geographic subdivision Zimbabwe
9 (RLIN) 23799
942 ## - ADDED ENTRY ELEMENTS (KOHA)
Source of classification or shelving scheme Library of Congress Classification
Item type Monograph ( Printed materials)
Holdings
Withdrawn status Lost status Source of classification or shelving scheme Damaged status Not for loan Collection code Home library Current library Shelving location Date acquired Total Checkouts Full call number Barcode Date last seen Price effective from Koha item type
    Library of Congress Classification     Main Collection ARRUPE LIBRARY ARRUPE LIBRARY Main Collection 14/04/2016   G128.W587 46500006841 11/04/2018 14/04/2016 Monograph ( Printed materials)

 

Arrupe Library. PO Box MP320 Mt Pleasant, Harare, Zimbabwe
263 242 745411|librarian@aju.ac.zw